| 000 | 01573nam a2200361Ia 4500 | ||
|---|---|---|---|
| 001 | ebr10152607 | ||
| 003 | CaPaEBR | ||
| 006 | m u | ||
| 007 | cr cn||||||||| | ||
| 008 | 030508s2003 caua sb 000 0 eng d | ||
| 010 | _z 2003010699 | ||
| 020 | _z0833039075 | ||
| 040 |
_aCaPaEBR _cCaPaEBR |
||
| 035 | _a(OCoLC)133162080 | ||
| 050 | 1 | 4 |
_aRA645.5 _b.W55 2003eb |
| 100 | 1 | _aWillis, Henry H. | |
| 245 | 1 | 0 |
_aPersonal protective equipment guidelines for structural collapse events _h[electronic resource] / _cHenry H. Willis ... [et. al.]. |
| 260 |
_aSanta Monica, Calif. ; _a[Great Britain] : _bRand, Science and Technology Policy Institute, _c2003. |
||
| 300 |
_axvii, 83 p. : _bill. |
||
| 490 | 0 |
_aProtecting emergency responders ; _v4 |
|
| 500 | _a"Prepared for the National Institute for Occupational Safety and Health." | ||
| 504 | _aIncludes bibliographical references. | ||
| 533 |
_aElectronic reproduction. _bPalo Alto, Calif. : _cebrary, _d2007. _nAvailable via World Wide Web. _nAccess may be limited to ebrary affiliated libraries. |
||
| 650 | 0 |
_aEmergency medical personnel _zUnited States _xSafety measures. |
|
| 650 | 0 |
_aFire fighters _zUnited States _xSafety measures. |
|
| 650 | 0 |
_aPolice _zUnited States _xSafety measures. |
|
| 655 | 7 |
_aElectronic books. _2local |
|
| 700 | 1 | _aCastle, Nicholas G. | |
| 700 | 1 | _aSloss, Elizabeth M. | |
| 700 | 1 |
_aBartis, James T., _d1945- |
|
| 710 | 2 | _aebrary, Inc. | |
| 856 | 4 | 0 |
_uhttp://site.ebrary.com/lib/rucke/Doc?id=10152607 _zAn electronic book accessible through the World Wide Web; click to view |
| 999 |
_c95610 _d95610 |
||